00614nam a22002057a 450000500170000001000110001702000210002803500110004903700160006004000120007608200160008810000250010424500780012926000380020727000420024530000220028750000500030965000240035965000250038320170124110117.0 a510619 c00.00a090862503 a510619 bCen Lib/Ret aDPLbEN a954.07bFEA aFeatherstone, Donald aAt them with the Bayonet! :cby Donald Featherstonebthe first Sikh war / aLondonbJarrolds Publishersc1968 bLondona178-202 Great Portland Street ax,197p.c20cm(Hb) aIncludes bibliographical references and index aSikh War, 1845-1846 aHistory of the Sikhs